Statistics for Every Minecraft Block (check desc)

Click here to take the quiz!

General Stats

  • This quiz has been taken 18 times
  • The average score is 169 of 499

Answer Stats

Answer% Correct
Grass
100%
Birch Log
93%
Dark Oak Log
93%
Dirt
93%
Jungle Log
93%
Oak Log
93%
Oak Planks
93%
Redstone
93%
Spruce Log
93%
Stone
93%
Acacia Log
87%
Birch Planks
87%
Cobblestone
87%
Sand
87%
Spruce Planks
87%
Birch Leaves
80%
Block of Redstone
80%
Crafting Table
80%
Dark Oak Leaves
80%
Dark Oak Planks
80%
Furnace
80%
Jungle Leaves
80%
Netherrack
80%
Oak Leaves
80%
Oak Wood
80%
Sandstone
80%
Spruce Leaves
80%
Acacia Leaves
73%
Acacia Planks
73%
Acacia Wood
73%
Birch Wood
73%
Block of Gold
73%
Crimson Hyphae
73%
Crimson Stem
73%
Dark Oak Wood
73%
End Stone
73%
Jungle Planks
73%
Jungle Wood
73%
Spruce Wood
73%
Warped Hyphae
73%
Warped Stem
73%
Acacia Fence
67%
Acacia Trapdoor
67%
Azalea Leaves
67%
Birch Fence
67%
Birch Trapdoor
67%
Block of Diamond
67%
Block of Iron
67%
Coal Ore
67%
Crimson Fence
67%
Crimson Planks
67%
Crimson Trapdoor
67%
Dark Oak Fence
67%
Dark Oak Trapdoor
67%
Diamond Ore
67%
Diorite
67%
Flowering Azalea Leaves
67%
Glass
67%
Gold Ore
67%
Granite
67%
Gravel
67%
Iron Ore
67%
Iron Trapdoor
67%
Jungle Fence
67%
Jungle Trapdoor
67%
Lapis Lazuli Ore
67%
Nether Brick Fence
67%
Nether Gold Ore
67%
Oak Door
67%
Oak Fence
67%
Oak Slab
67%
Oak Trapdoor
67%
Redstone Ore
67%
Soul Sand
67%
Soul Torch
67%
Spruce Fence
67%
Spruce Trapdoor
67%
Torch
67%
Warped Fence
67%
Warped Planks
67%
Warped Trapdoor
67%
Acacia Door
60%
Acacia Fence Gate
60%
Bed
60%
Birch Button
60%
Birch Door
60%
Birch Fence Gate
60%
Chest
60%
Clay
60%
Crimson Door
60%
Crimson Fence Gate
60%
Dark Oak Button
60%
Dark Oak Door
60%
Dark Oak Fence Gate
60%
Flowers
60%
Iron Door
60%
Jungle Door
60%
Jungle Fence Gate
60%
Lapis Lazuli Block
60%
Oak Button
60%
Oak Fence Gate
60%
Obsidian
60%
Spruce Button
60%
Spruce Door
60%
Spruce Fence Gate
60%
Stone Button
60%
Warped Door
60%
Warped Fence Gate
60%
Acacia Button
53%
Acacia Sapling
53%
Ancient Debris
53%
Andesite
53%
Azalea Bush
53%
Birch Sapling
53%
Birch Slab
53%
Block of Coal
53%
Copper Block
53%
Coral
53%
Crimson Button
53%
Cut Copper
53%
Dark Oak Sapling
53%
Dark Oak Slab
53%
Dead Coral
53%
Dead Coral Fan
53%
Emerald Ore
53%
Flowering Azalea Bush
53%
Glass Pane
53%
Heavy Weighted Pressure Plate
53%
Jungle Button
53%
Jungle Sapling
53%
Light Weighted Pressure Plate
53%
Oak Sapling
53%
Oak Stairs
53%
Polished Blackstone Button
53%
Redstone Repeater
53%
Snow
53%
Spruce Sapling
53%
Warped Button
53%
Acacia Pressure Plate
47%
Birch Pressure Plate
47%
Blast Furnace
47%
Block of Emerald
47%
Bookshelf
47%
Bricks
47%
Brown Mushroom
47%
Carpet
47%
Carved Pumpkin
47%
Chiseled Sandstone
47%
Copper Ore
47%
Coral Fan
47%
Crimson Pressure Plate
47%
Dark Oak Pressure Plate
47%
Enchanting Table
47%
Ender Chest
47%
Jungle Pressure Plate
47%
Mossy Cobblestone
47%
Oak Pressure Plate
47%
Polished Blackstone Pressure Plate
47%
Pumpkin
47%
Pumpkin Crop
47%
Red Mushroom
47%
Spruce Pressure Plate
47%
Spruce Slab
47%
Stone Pressure Plate
47%
Trapped Chest
47%
Warped Pressure Plate
47%
Wool
47%
Birch Stairs
40%
Block of Netherite
40%
Block of Quartz
40%
Brewing Stand
40%
Coarse Dirt
40%
Cobblestone Stairs
40%
Concrete
40%
Deepslate
40%
Flower Pot
40%
Haybale
40%
Ice
40%
Item Frame
40%
Lever
40%
Mossy Cobblestone Stairs
40%
Nether Quartz Ore
40%
Packed Ice
40%
Player Head
40%
Red Sand
40%
Shulker Box
40%
Slime Block
40%
Smithing Table
40%
Smoker
40%
Smooth Stone Slab
40%
Stone Bricks
40%
Stone Slab
40%
Stone Stairs
40%
Terracotta
40%
Vines
40%
Acacia Slab
33%
Amethyst Block
33%
Banner
33%
Beehive
33%
Bee Nest
33%
Beetroots
33%
Blue Ice
33%
Bone Block
33%
Cactus
33%
Cake
33%
Carrots
33%
Composter
33%
Concrete Powder
33%
Creeper Head
33%
Dark Oak Stairs
33%
Enderdragon Head
33%
Glowstone
33%
Kelp
33%
Lantern
33%
Lectern
33%
Magma Block
33%
Melon
33%
Melon Crop
33%
Minecart
33%
Mycelium
33%
Nether Wart
33%
Polished Andesite
33%
Polished Diorite
33%
Polished Granite
33%
Redstone Torch
33%
Skeleton Head
33%
Smooth Stone
33%
Soul Lantern
33%
Stained Glass
33%
Stripped Acacia Log
33%
Stripped Acacia Wood
33%
Stripped Birch Log
33%
Stripped Birch Wood
33%
Stripped Crimson Hyphae
33%
Stripped Crimson Stem
33%
Stripped Dark Oak Log
33%
Stripped Dark Oak Wood
33%
Stripped Jungle Log
33%
Stripped Jungle Wood
33%
Stripped Oak Log
33%
Stripped Oak Wood
33%
Stripped Spruce Log
33%
Stripped Spruce Wood
33%
Stripped Warped Hyphae
33%
Stripped Warped Stem
33%
Sugar Cane
33%
TNT
33%
Wither Skeleton Head
33%
Zombie Head
33%
Acacia Sign
27%
Acacia Stairs
27%
Bamboo
27%
Basalt
27%
Beacon
27%
Birch Sign
27%
Campfire
27%
Chiseled Stone Bricks
27%
Cobblestone Slab
27%
Cobblestone Wall
27%
Cobweb
27%
Cracked Stone Bricks
27%
Crimson Sign
27%
Dark Oak Sign
27%
Dark Prismarine
27%
Daylight Detector
27%
Soul Campfire
27%
Fern
27%
Glazed Terracotta
27%
Grass Block
27%
Honey Comb
27%
Hopper
27%
Jack O' Lantern
27%
Jungle Sign
27%
Jungle Slab
27%
Lily Pad
27%
Mossy Cobblestone Slab
27%
Mossy Cobblestone Wall
27%
Mossy Stone Bricks
27%
Nether Wart Block
27%
Oak Sign
27%
Piston
27%
Potatoes
27%
Prismarine
27%
Purpur Block
27%
Rails
27%
Red Sandstone
27%
Redstone Comparator
27%
Smooth Sandstone
27%
Smooth Sandstone Slab
27%
Smooth Sandstone Stairs
27%
Snow Block
27%
Spruce Sign
27%
Spruce Stairs
27%
Sticky Piston
27%
Tripwire
27%
Tripwire Hook
27%
Warped Sign
27%
Wheat Crop
27%
Anvil
20%
Blackstone
20%
Brown Mushroom Block
20%
Cartography Table
20%
Chorus Fruit
20%
Cobbled Deepslate
20%
Crimson Nylium
20%
Crying Obsidian
20%
Cut Sandstone
20%
Cut Sandstone Slab
20%
Detector Rail
20%
Dried Kelp Block
20%
Dropper
20%
End Rod
20%
End Stone Bricks
20%
Honey Block
20%
Jungle Stairs
20%
Lightning Rod
20%
Loom
20%
Moss Block
20%
Mossy Stone Brick Stairs
20%
Mushroom Stem
20%
Nether Bricks
20%
Nether Brick Slab
20%
Note Block
20%
Podzol
20%
Polished Blackstone
20%
Polished Deepslate
20%
Quartz Slab
20%
Quartz Stairs
20%
Red Mushroom Block
20%
Red Nether Brick Slab
20%
Redstone Lamp
20%
Sandstone Slab
20%
Sandstone Stairs
20%
Sea Lantern
20%
Smooth Quartz Block
20%
Smooth Quartz Slab
20%
Smooth Quartz Stairs
20%
Soul Soil
20%
Stone Brick Stairs
20%
Tall Grass
20%
Tinted Glass
20%
Warped Nylium
20%
Warped Wart Block
20%
Acacia Boat
13%
Bell
13%
Birch Boat
13%
Blackstone Slab
13%
Brick Slab
13%
Brick Stairs
13%
Brick Wall
13%
Cauldron
13%
Chiseled Quartz Block
13%
Chiseled Red Sandstone
13%
Crimson Slab
13%
Cut Red Sandstone
13%
Cut Red Sandstone Slab
13%
Dark Oak Boat
13%
Dead Bush
13%
Deepslate Tiles
13%
Dispenser
13%
Dragon Egg
13%
Dripstone Block
13%
Fletching Table
13%
Granite Slab
13%
Grindstone
13%
Jukebox
13%
Jungle Boat
13%
Large Fern
13%
Mossy Stone Brick Slab
13%
Nether Brick Stairs
13%
Nether Brick Wall
13%
Oak Boat
13%
Pointed Dripstone
13%
Polished Basalt
13%
Polished Blackstone Brick Slab
13%
Polished Blackstone Slab
13%
Polished Granite Slab
13%
Powdered Snow
13%
Prismarine Bricks
13%
Purpur Pillar
13%
Purpur Slab
13%
Purpur Stairs
13%
Red Nether Bricks
13%
Red Nether Brick Stairs
13%
Red Sandstone Slab
13%
Red Sandstone Stairs
13%
Red Smooth Sandstone Stairs
13%
Smooth Red Sandstone
13%
Smooth Red Sandstone Slab
13%
Sponge
13%
Spruce Boat
13%
Stone Brick Slab
13%
Stonecutter
13%
Sweet Berry Bush
13%
Warped Slab
13%
Wet Sponge
13%
Activator Rail
7%
Andesite Slab
7%
Andesite Stairs
7%
Andesite Wall
7%
Barrel
7%
Blackstone Stairs
7%
Blackstone Wall
7%
Chain
7%
Chiseled Deepslate
7%
Chiseled Nether Bricks
7%
Chiseled Polished Blackstone
7%
Conduit
7%
Copper Slab
7%
Copper Stairs
7%
Coral Block
7%
Crimson Fungus
7%
Cut Copper Slab
7%
Cut Copper Stairs
7%
Dark Prismarine Slab
7%
Dark Prismarine Stairs
7%
Dead Coral Block
7%
Deepslate Bricks
7%
Diorite Slab
7%
Diorite Stairs
7%
Diorite Wall
7%
Dripleaf
7%
Glow Berries
7%
Glow Item Frame
7%
Granite Stairs
7%
Granite Wall
7%
Iron Bars
7%
Ladder
7%
Mossy Stone Brick Wall
7%
Observer
7%
Polished Andesite Slab
7%
Polished Andesite Stairs
7%
Polished Andesite Wall
7%
Polished Blackstone Brick Stairs
7%
Polished Blackstone Stairs
7%
Polished Blackstone Wall
7%
Polished Diorite Slab
7%
Polished Diorite Stairs
7%
Polished Diorite Wall
7%
Polished Granite Stairs
7%
Polished Granite Wall
7%
Powered Rails
7%
Prismarine Brick Slab
7%
Prismarine Brick Stairs
7%
Prismarine Slab
7%
Prismarine Stairs
7%
Prismarine Wall
7%
Quartz Bricks
7%
Quartz Pillar
7%
Respawn Anchor
7%
Rooted Dirt
7%
Scaffolding
7%
Seagrass
7%
Sea Pickle
7%
Smooth Basalt
7%
Stained Glass Pane
7%
Stone Brick Wall
7%
Target
7%
Turtle Egg
7%
Warped Fungus
7%
Warped Stairs
7%
Calcite
0%
Candle
0%
Cobbled Deepslate Slab
0%
Cobbled Deepslate Stairs
0%
Cobbled Deepslate Wall
0%
Cocoa Beans
0%
Cracked Nether Bricks
0%
Cracked Polished Blackstone Bricks
0%
Crimson Roots
0%
Crimson Stairs
0%
Deepslate Brick Slab
0%
Deepslate Brick Stairs
0%
Deepslate Brick Wall
0%
Deepslate Tile Slab
0%
Deepslate Tile Stairs
0%
Deepslate Tile Wall
0%
End Stone Brick Slab
0%
End Stone Brick Stairs
0%
End Stone Brick Wall
0%
Gilded Blackstone
0%
Glow Lichen
0%
Hanging Roots
0%
Lodestone
0%
Moss Carpet
0%
Nether Sprouts
0%
Polished Blackstone Bricks
0%
Polished Blackstone Brick Wall
0%
Polished Deepslate Slab
0%
Polished Deepslate Stairs
0%
Polished Deepslate Wall
0%
Red Nether Brick Wall
0%
Red Sandstone Wall
0%
Sandstone Wall
0%
Shroomlight
0%
Tall Seagrass
0%
Twisting Vines
0%
Warped Roots
0%
Weeping Vines
0%

Score Distribution

Percentile by Number Answered

Percent of People with Each Score

Your Score History

You have not taken this quiz